Plan Nacional de Salud. Plan nacional de salud: anexos

Plan de salud para Guatemala, 1975-1979 contiene: 1) definición de conceptos 2) diagnóstico (demografía, natalidad,mortalidad) 3) factores condicionantes (vivienda y hacinamiento, agua potable, basuras, control de alimentos) 4) análisis institucional 5) políticas sectoriales 6) estrategias sectori...

詳細記述

保存先:
書誌詳細
団体著者: Guatemala. Consejo Nacional de Planificación Económica. Secretaría General
フォーマット: テキスト
出版事項: Guatemala :
主題:
タグ: タグ追加
タグなし, このレコードへの初めてのタグを付けませんか!

MARC

LEADER 00000 a a2200000 04500
001 19713
003
040
090 |a 079001  
110 |a Guatemala. Consejo Nacional de Planificación Económica. Secretaría General  
245 |a Plan Nacional de Salud. Plan nacional de salud: anexos  
260 |a Guatemala :  
300 |a s. p.; v. 1 y v. 2  
520 |a Plan de salud para Guatemala, 1975-1979   |a contiene: 1) definición de conceptos 2) diagnóstico (demografía, natalidad,mortalidad) 3) factores condicionantes (vivienda y hacinamiento, agua potable, basuras, control de alimentos) 4) análisis institucional   |a 5) políticas sectoriales 6) estrategias sectoriales y 7) programa de inversión./ALLV  
650 |a PLANES NACIONALES  
650 |a SALUD  
999 |c 11961  |d 11961